| 000 | 00789nam a22002057a 4500 | ||
|---|---|---|---|
| 999 |
_c8144 _d8144 |
||
| 003 | AR-CdUCM | ||
| 008 | 190322b ||||| |||| 00| 0 spa d | ||
| 040 |
_aMUNICIPALIDAD PROVINCIAL DEL CUSCO _cBIBLIOTECA MUNICIPAL DEL CUSCO |
||
| 082 |
_22 ed. _a516.5 / _bP27 |
||
| 100 |
_aPascali, Justo _922986 |
||
| 245 | _aGeometría Proyectiva / | ||
| 260 |
_aBuenos Aires, _bPagani, _c1952. |
||
| 300 |
_a464 páginas ; _c24 cm. |
||
| 505 | _aContenido : Introducción -- Capítulo I : Generación de espacios por el método de recurrencia -- Capítulo II : Espacios proyectivos - ley de multiplicidad -- Capítulo III : Operaciones proyectivas ... | ||
| 650 |
_aGeometría _919405 |
||
| 650 |
_aProyectiva _922987 |
||
| 650 |
_aMatemática _919387 |
||
| 942 |
_2ddc _cLIBROS |
||
| 945 | _arah | ||